000 00321 a2200157 4500
001 168896
020 _a
040 _cMagnum
100 _aFutema, Edson
240 1 0 _aO ecossistema marinho
_lpor
245 1 0 _aO ecossistema marinho
362 0 _a1899
440 1 _aÁtica
697 _aPARADIDATICOS
942 _cBK
999 _c168896
_d168896